000 00602cam a2200241 4500
008 000000n2000 000 0 eng u
020 _a186081378X
035 _a(Sirsi) u105309
050 _a690
110 _aBuilding Research Establishment
245 _aAdvances in timber grading.
260 _aLondon
_bCRC
_c2000
300 _a6p. ; 30cm.
490 _aBRE Digest
_v445
650 _aSTRUCTURAL TIMBER
650 _aBS 5268-2: 1996
650 _aSWEET CHESTNUT
650 _aOAK
650 _aDOUGLAS FIR
650 _aSITKA SPRUCE
690 _aBUILT ENVIRONMENT
942 _n0
999 _c100357
_d100357